Economic Reforms Sons Development (Record no. 1373)

MARC details
000 -LEADER
fixed length control field 00418nam a22001697a 4500
005 - DATE AND TIME OF LATEST TRANSACTION
control field 20180411114444.0
008 - FIXED-LENGTH DATA ELEMENTS--GENERAL INFORMATION
fixed length control field 160523b xxu||||| |||| 00| 0 eng d
020 ## - INTERNATIONAL STANDARD BOOK NUMBER
ISBN 81-7188-357-5
041 ## - LANGUAGE CODE
Language code of text/sound track or separate title eng
082 ## - DEWEY DECIMAL CLASSIFICATION NUMBER
Item number 4080
Classification number 338.9
100 ## - MAIN ENTRY--AUTHOR NAME
Personal name Musumdar/N.A.
245 ## - TITLE STATEMENT
Title Economic Reforms Sons Development
260 ## - PUBLICATION, DISTRIBUTION, ETC. (IMPRINT)
Place of publication New Delhi
Name of publisher Academic Faundation
300 ## - PHYSICAL DESCRIPTION
Number of Pages 203
650 ## - SUBJECT ADDED ENTRY--TOPICAL TERM
Topical Term Management
942 ## - ADDED ENTRY ELEMENTS (KOHA)
Koha item type Books
Holdings
Lost status Damaged status Collection code Home library Current library Shelving location Date acquired Cost, normal purchase price Full call number Accession Number Koha item type
    Reference JRU Library   SHELF-30-C 23/05/2016 495.00 338.9 4080 Books
    MANAGEMENT JRU Library JRU Library SHELF-61-H 23/05/2016 495.00 338.9 4081 Books
    MANAGEMENT JRU Library JRU Library SHELF-61-H 23/05/2016 495.00 338.9 4082 Books
    MANAGEMENT JRU Library JRU Library SHELF-61-H 23/05/2016 495.00 338.9 4083 Books